Foot Fiction : Les 20 transferts majeurs de l'été 2021 - Statistiques

Statistiques générales
  • Ce quiz a été pris 485 fois
  • Le résultat moyen est 7 sur 20
Statistiques - réponses
De Vers Joueur Montant % Correct
Paris SG Real Madrid Kylian Mbappé 160 M€
88%
Paris SG FC Barcelone Neymar 110 M€
72%
Tottenham Manchester City Harry Kane 100 M€
68%
Liverpool FC Paris SG Mohamed Salah 100 M€
67%
Borussia Dortmund Chelsea FC Erling Haaland 120 M€
65%
Borussia Dortmund Manchester United Jadon Sancho 100 M€
58%
Manchester United Juventus Turin Paul Pogba 60 M€
53%
Inter Milan Paris SG Romelu Lukaku 80 M€
47%
Ol. Lyonnais FC Barcelone Memphis Depay Libre
38%
Juventus Turin Paris SG Paulo Dybala 70 M€
33%
Paris SG Tottenham Mauro Icardi 55 M€
24%
Manchester United Boca Junior Edinson Cavani Libre
22%
Tottenham OGC Nice Hugo Lloris 5 M€
22%
Everton Juventus Turin Moise Kean 35 M€
16%
Arsenal Atletico Madrid Pierre Emerick Aubameyang 35 M€
15%
Real Madrid Liverpool FC Vinicius Jr. 40 M€
15%
Bayern Munich Inter Miami Jérôme Boateng Libre
11%
Manchester City Jventus Turin Sergio Aguero Libre
10%
Manchester United Tottenham David de Gea 20 M€
5%
Real Madrid Manchester United Sergio Ramos Libre
3%
Aucun quiz correspondant
Distribution des résultats
% des personnes avec chaque résultat
Percentile par nombre de réponses
Votre historique - résultats
Vous n’avez pas pris ce quiz